| 000 | 01055cam a2200289 a 4500 | ||
|---|---|---|---|
| 001 | 2472383 | ||
| 003 | OSt | ||
| 005 | 20140311163218.0 | ||
| 008 | 921214s1992 nyua 000 1 eng | ||
| 010 | _a 90067581 | ||
| 020 | _a059076363709 | ||
| 040 |
_aDLC _cDLC _dDLC |
||
| 050 | 0 | 0 |
_aPS 1322 _b.C4 1997 |
| 100 | 1 |
_aTwain, Mark, _d1835-1910. _927201 |
|
| 245 | 1 | 4 |
_aThe celebrated jumping frog, and other stories / _cMark Twain ; illustrations by Joseph Ciardiello ; afterword by Edward Wagenknecht. |
| 260 |
_aPleasantville, N.Y. : _bReader's Digest Association, _c1997. |
||
| 300 |
_a230 p. : _bill. ; _c24 cm. |
||
| 490 | 0 | _aThe World's best reading | |
| 521 | _aG9 | ||
| 526 | _c1000 | ||
| 650 | 0 |
_aHumorous stories, American. _93682 |
|
| 700 | 1 | 2 |
_aTwain, Mark, _d1835-1910. _tCelebrated jumping frog of Calaveras County. _927202 |
| 906 |
_a7 _bcbc _corignew _d3 _eopcn _f19 _gy-gencatlg |
||
| 942 |
_2lcc _cBK |
||
| 999 |
_c42928 _d42928 |
||